000 00483nam a2200193Ia 4500
005 20250326143947.0
008 250326s9999 xx 000 0 und d
037 _aTextbook
040 _aFMSL
_beng
_cFMSL
041 _aeng
_2eng
084 _aS K8
_qFMSL
100 _aGarrett H E
245 0 _aGernal psychology
_cGarrett H E
250 _a2
260 _aNew Delhi
_bNew Delhi, Eurasia
_c1968
300 _a647p
942 _cTB
_hS K8
999 _c1301786
_d1301786